Maravillas de la medicina moderna / (Record no. 145435)

MARC details
000 -LEADER
campo de control de longitud fija 00627nam a2200181 4500
001 - NÚMERO DE CONTROL
campo de control 145435
003 - IDENTIFICADOR DE NÚMERO DE CONTROL
campo de control ES-MaACL
005 - FECHA Y HORA DE LA ÚLTIMA TRANSACCIÓN
campo de control 20230906201231.0
007 - CAMPO FIJO DE DESCRIPCIÓN FÍSICA--INFORMACIÓN GENERAL
campo de control de longitud fija t|
008 - DATOS DE LONGITUD FIJA--INFORMACIÓN GENERAL
campo de control de longitud fija 070214s1957 sp r ||||1| spa d
100 1# - ENTRADA PRINCIPAL--NOMBRE DE PERSONA
Nombre de persona Spencer, Steven M.
9 (RLIN) 107686
245 10 - MENCIÓN DEL TÍTULO
Título Maravillas de la medicina moderna /
Mención de responsabilidad, etc. Steven M. Spencer ; versión española revisada por Miguel Gras Artero ; con unos capítulos adicionales de Antonio Subirana.
260 ## - PUBLICACIÓN, DISTRIBUCIÓN, ETC.
Lugar de publicación, distribución, etc. Barcelona :
Nombre del editor, distribuidor, etc. Betis,
Fecha de publicación, distribución, etc. 1957.
300 ## - DESCRIPCIÓN FÍSICA
Extensión 351 p. ;
Dimensiones 20 cm.
700 1# - ENTRADA AGREGADA--NOMBRE PERSONAL
Nombre de persona Gras Artero, Miguel.
9 (RLIN) 59681
700 1# - ENTRADA AGREGADA--NOMBRE PERSONAL
Nombre de persona Subirana, Antonio.
9 (RLIN) 108692
852 ## - LOCALIZACIÓN
Ubicación ES-MaACL
Número de control de estantería C-12507
Sublocalización o colección R.40660
Holdings
Estatus retirado Estado de pérdida Estado de daño No para préstamo Biblioteca de origen Biblioteca actual Ubicación en estantería Fecha de adquisición Fuente de adquisición Total de préstamos Signatura topográfica completa Código de barras Visto por última vez Precio de reemplazo Tipo de ítem Koha
        Biblioteca del Ateneo de Madrid Biblioteca del Ateneo de Madrid Sala Palomar 17/01/2008     C-12507 1151811 23/02/2023 23/02/2023 Libro impreso